书目信息 |
| 题名: |
数字设计
|
|
| 作者: | 马诺 著 | |
| 分册: | ||
| 出版信息: | 北京 高等教育出版社 2002.11 |
|
| 页数: | 516页 | |
| 开本: | 24cm | |
| 丛书名: | ||
| 单 册: | ||
| 中图分类: | TN711.52 | |
| 科图分类: | ||
| 主题词: | 数字电路 | |
| 电子资源: | ||
| ISBN: | 978-7-04-114171-8 | |
| 000 | 00645nam0 2200241 45 | |
| 001 | 0939502875 | |
| 005 | 20091112095038.98 | |
| 010 | @a978-7-04-114171-8@dCNY45.00 | |
| 100 | @a20090515d2002 ekmy0 y0120 ea | |
| 102 | @aCN@b130000 | |
| 102 | @aCN@b110000 | |
| 105 | @ay z 000yy | |
| 200 | 1 | @a数字设计@Ashu zi she ji@f(美)马诺著@F(mei)ma nuo zhu |
| 205 | @a三版影印版 | |
| 210 | @a北京@c高等教育出版社@d2002.11 | |
| 210 | @a北京@c高等教育出版社 | |
| 215 | @a516页@d24cm | |
| 606 | 0 | @a数字电路 |
| 690 | @aTN711.52@v4 | |
| 701 | 0 | @a马诺@Ama nuo@4著 |
| 801 | 0 | @aCN@c20091112 |
| 905 | @a10447@dTN711.52@eY706 | |
| 906 | @d45@n1@r1 | |
| 数字设计/(美)马诺著.-三版影印版.-北京:高等教育出版社,2002.11.-北京:高等教育出版社 |
| 516页;24cm |
| ISBN 978-7-04-114171-8:CNY45.00 |
| ● |
| 相关链接 |
|
|
|
正题名:数字设计
索取号:TN711.52/Y706
 
预约/预借
| 序号 | 登录号 | 条形码 | 馆藏地/架位号 | 状态 | 备注 |
| 1 | 894299 | 208942992 | 自科二线404/301自科库 24排1列2层/ [索取号:TN711.52/Y706] | 在馆 |